000 01144nam a2200325Ia 4500
001 Para_1388
003 CHAP
008 220125s1999 xx 000 0 und d
010 _a200096
040 _cCHAP
090 _aPA TESIS 1329
100 _aPérez Miceli, Alexander
_989846
245 _aEvaluación de la reacción de 300 familias de maíz (Zea Mays L.), al huitlacoche [Ustilago maydis (D.C.), Cda.] /
_c por Alexander Pérez Miceli y Edwin Roblero Vázquez
260 _aChapingo, Méx. :
_b El autor
300 _a63 h.
502 _aTesis (Ing. Agr. Esp. en Parasitología Agrícola), UACh. Depto. Parasitología
650 _aCuitlacoche
_930196
650 _aHongos comestibles
_956124
650 _aHongos fitopatógenos
_956132
650 _aMaíz
_x variedades resistentes a enfermedades
_971082
700 _aRoblero Vázquez, Edwin
_9165029
710 _aUACh. Departamento de Parasitología Agrícola
_9115877
901 _aPA TESIS 1329
902 _aA
905 _a0000001999 0000000000 00
910 _a1999
942 _cPARA
942 _cPARA
_d1
999 _c200096
_d200096